000
00322 a2200133 4500
000
nam a22 7a 4500
100
_a
Burgot, Gwenola
110
_a
Burgot, Gwenola
245
_a
General Analytical Chemistry
250
_a
Latest edition
260
_b
CRC Press
_c
2024
264
_b
CRC Press
_c
2024
942
_c
BK
999
_c
394517
_d
394517